[Event "Petroupoli Master Division "]
[Site "Petroupoli"]
[Date "2012.11.21"]
[Round "3.10"]
[White "Kourkoulos Arditis, Stamatis"]
[Black "Iliopoulos, Rigas"]
[Result "0-1"]
[WhiteElo "2143"]
[BlackElo "1931"]
[PlyCount "90"]
[EventDate "2012.11.07"]
[EventType "swiss"]
[EventRounds "7"]
[EventCountry "GRE"]
[SourceTitle "EXT 2024"]
[Source "ChessBase"]
[SourceDate "2023.10.10"]
[SourceVersion "1"]
[SourceVersionDate "2023.10.10"]
[SourceQuality "1"]

1. e4 e6 2. d4 d5 3. Nc3 Nf6 4. Bg5 dxe4 5. Nxe4 Nbd7 6. Nxf6+ Nxf6 7. Nf3 h6 8. Bh4 Be7 9. Bd3 b6 10. 0-0 Bb7 11. Qe2 0-0 12. Rad1 Re8 13. c4 Nh5 14. Bg3 Nxg3 15. fxg3 Bf6 16. Kh1 Qe7 17. Bb1 g6 18. Qe3 Bg7 19. Ne5 Rf8 20. Nd3 Qd6 21. Nf4 Rad8 22. Qb3 Bxd4 23. c5 Qc6 24. Rde1 Ba6 25. Be4 Qb5 26. Qd1 Qxb2 27. Nd3 Bxd3 28. Bxd3 Bxc5 29. Qf3 Qc3 30. Rd1 Qg7 31. Qb7 Qc3 32. Qe4 Rd4 33. Qf3 a5 34. h4 h5 35. Rfe1 Rfd8 36. Rf1 R4d7 37. Qf4 Bd6 38. Qa4 Bxg3 39. Bxg6 Rxd1 40. Bxf7+ Kg7 41. Rxd1 Rxd1+ 42. Qxd1 Kxf7 43. Qd7+ Kf6 44. Qd8+ Kf5 45. Qf8+ Ke4 0-1

[Event "Petroupoli Master Division "]
[Site "Petroupoli"]
[Date "2012.11.14"]
[Round "2.16"]
[White "Iliopoulos, Rigas"]
[Black "Sidiropoulos, Leonidas"]
[Result "1-0"]
[WhiteElo "1931"]
[BlackElo "1754"]
[PlyCount "74"]
[EventDate "2012.11.07"]
[EventType "swiss"]
[EventRounds "7"]
[EventCountry "GRE"]
[SourceTitle "EXT 2024"]
[Source "ChessBase"]
[SourceDate "2023.10.10"]
[SourceVersion "1"]
[SourceVersionDate "2023.10.10"]
[SourceQuality "1"]

1. d4 Nf6 2. c4 e6 3. Nc3 Nc6 4. Bg5 h6 5. Bh4 g5 6. Bg3 d6 7. e3 Bd7 8. Rc1 e5 9. d5 Ne7 10. Bd3 Bf5 11. Bxf5 Nxf5 12. Qf3 Ng7 13. Qd1 h5 14. f3 Nd7 15. Nge2 f5 16. Bf2 h4 17. Qc2 Qf6 18. Nb5 Kd8 19. b4 g4 20. fxg4 fxg4 21. Nec3 Be7 22. Ne4 Qf5 23. c5 dxc5 24. bxc5 c6 25. dxc6 bxc6 26. Nbd6 Bxd6 27. cxd6 Rc8 28. Rf1 Qh5 29. Qa4 h3 30. g3 Qg6 31. Rxc6 Nb6 32. Rxc8+ Nxc8 33. Qa5+ Ke8 34. Qxe5+ Kd8 35. Qa5+ Ke8 36. Qc7 Nxd6 37. Nxd6+ Kf8 1-0

[Event "Nikaia op-A 20th"]
[Site "Nikea"]
[Date "2012.08.29"]
[Round "5.7"]
[White "Iliopoulos, Rigas"]
[Black "Kokolias, Konstantinos"]
[Result "0-1"]
[WhiteElo "1939"]
[BlackElo "2205"]
[PlyCount "62"]
[EventDate "2012.08.26"]
[EventType "swiss"]
[EventRounds "9"]
[EventCountry "GRE"]
[SourceTitle "EXT 2024"]
[Source "ChessBase"]
[SourceDate "2023.10.10"]
[SourceVersion "1"]
[SourceVersionDate "2023.10.10"]
[SourceQuality "1"]

1. d4 d5 2. c4 c6 3. Nf3 Nf6 4. Nc3 dxc4 5. e4 b5 6. e5 Nd5 7. a4 e6 8. axb5 Nxc3 9. bxc3 cxb5 10. Ng5 Bb7 11. Qh5 g6 12. Qg4 Be7 13. Be2 Bd5 14. h4 h5 15. Qg3 Nc6 16. 0-0 b4 17. Bf3 a5 18. Nxe6 fxe6 19. Qxg6+ Kd7 20. Bxd5 exd5 21. f4 Qg8 22. Qc2 b3 23. Qf2 Qg4 24. f5 Bxh4 25. Qb2 Rhg8 26. Ra2 Nb4 27. e6+ Kc6 28. cxb4 bxa2 29. b5+ Kb6 30. Qxa2 Qxd4+ 31. Kh1 Bg3 0-1

[Event "Fyli op 3rd"]
[Site "Fyli"]
[Date "2011.10.14"]
[Round "5"]
[White "Fessas, Prokopios"]
[Black "Iliopoulos, Rigas"]
[Result "0-1"]
[WhiteElo "1965"]
[BlackElo "1903"]
[PlyCount "198"]
[EventDate "2011.09.16"]
[EventType "swiss"]
[EventRounds "7"]
[EventCountry "GRE"]
[SourceTitle "EXT 2013"]
[Source "ChessBase"]
[SourceDate "2012.11.22"]
[SourceVersion "1"]
[SourceVersionDate "2012.11.22"]
[SourceQuality "1"]

1. d4 Nf6 2. Nf3 e6 3. c4 Bb4+ 4. Bd2 Be7 5. Nc3 0-0 6. e4 d5 7. e5 Ne8 8. Rc1 c6 9. Bd3 Nd7 10. 0-0 f6 11. Qc2 g6 12. exf6 Bxf6 13. Rfe1 Ng7 14. Bh6 Kh8 15. Ne5 Nxe5 16. dxe5 Bh4 17. g3 Be7 18. h4 Rf7 19. Bxg7+ Rxg7 20. Ne2 Bd7 21. Nf4 Qe8 22. Kg2 g5 23. hxg5 Bxg5 24. Nh3 Bxc1 25. Qxc1 dxc4 26. Qxc4 Qe7 27. Nf4 c5 28. Rh1 Bc6+ 29. f3 Rag8 30. Nh5 Rg4 31. Qc1 Qf7 32. Qe3 R8g5 33. Nf6 Rxg3+ 34. Kf2 Rg7 35. Be4 Bxe4 36. Qxe4 Qg6 37. Qxg6 R3xg6 38. Rd1 Re7 39. Rd8+ Kg7 40. Ra8 b6 41. Rg8+ Kh6 42. Rh8 Rxf6 43. exf6 Rf7 44. Ra8 e5 45. Rg8 Rxf6 46. Ke3 Re6 47. Ke4 Re7 48. a4 Kh5 49. Rg1 h6 50. Kf5 Rf7+ 51. Kxe5 Rxf3 52. Ke4 Rf2 53. b3 Rh2 54. Kf4 Kh4 55. Kf5 Kh3 56. Rg2 Rh1 57. Kf4 Rf1+ 58. Ke3 Rb1 59. Kf4 Rxb3 60. Kf5 Rf3+ 61. Ke4 Rg3 62. Kd5 Ra3 63. a5 Ra4 64. axb6 axb6 65. Rg1 Rg4 66. Rb1 Rb4 67. Rg1 Kh4 68. Ke5 h5 69. Rh1+ Kg5 70. Rg1+ Kh6 71. Kf5 Rb2 72. Rg6+ Kh7 73. Rg5 Rf2+ 74. Ke4 Kh6 75. Rg8 Rb2 76. Kf5 Rf2+ 77. Ke4 Rf7 78. Rb8 Rf6 79. Rg8 Rg6 80. Rh8+ Kg5 81. Rf8 h4 82. Rf1 Re6+ 83. Kd5 Re2 84. Rb1 h3 85. Rb3 h2 86. Rh3 Kg4 87. Rh8 Kg3 88. Kc4 Kg2 89. Rg8+ Kf1 90. Rh8 Kg1 91. Kd3 h1Q 92. Rxh1+ Kxh1 93. Kxe2 b5 94. Kd2 Kg2 95. Ke2 c4 96. Kd2 b4 97. Kc2 Kf3 98. Kd2 Ke4 99. Kc2 Kd4 0-1

[Event "Athens Smaok op 5th"]
[Site "Athens"]
[Date "2010.03.16"]
[Round "1"]
[White "Iliopoulos, Rigas"]
[Black "Anastasopoulos, Spyros"]
[Result "0-1"]
[WhiteElo "1904"]
[BlackElo "2148"]
[PlyCount "80"]
[EventDate "2010.03.16"]
[EventType "swiss"]
[EventRounds "7"]
[EventCountry "GRE"]
[SourceTitle "EXT 2011"]
[Source "ChessBase"]
[SourceDate "2010.11.26"]
[SourceVersion "1"]
[SourceVersionDate "2010.11.26"]
[SourceQuality "1"]

1. e4 c5 2. Nf3 Nc6 3. d4 cxd4 4. Nxd4 Qc7 5. Nc3 e6 6. g3 a6 7. Bg2 d6 8. 0-0 Nf6 9. Be3 Bd7 10. Nxc6 Bxc6 11. a4 Qa5 12. Re1 Be7 13. Bd2 Qc7 14. a5 b5 15. Be3 Rc8 16. Bb6 Qb7 17. Qe2 0-0 18. Rad1 Rfe8 19. h4 Nd7 20. Nd5 Bf8 21. Qd2 Ne5 22. Nb4 Nc4 23. Qc1 Nxb6 24. Nxc6 Rxc6 25. axb6 Rec8 26. Re2 Qxb6 27. h5 Qc7 28. Rdd2 g6 29. hxg6 hxg6 30. Qd1 b4 31. Qe1 Bg7 32. e5 d5 33. f4 Bf8 34. Bf3 Qb6+ 35. Kh1 Kg7 36. Rh2 Be7 37. Bd1 a5 38. Qf1 Qe3 39. Qh3 Qe1+ 40. Kg2 Qxd2+ 0-1

[Event "Heraklio op-A 11th"]
[Site "Heraklion"]
[Date "2007.06.11"]
[Round "3"]
[White "Iliopoulos, Rigas"]
[Black "Manolaraki, Yvonni"]
[Result "0-1"]
[WhiteElo "1909"]
[BlackElo "2098"]
[PlyCount "62"]
[EventDate "2007.06.09"]
[EventType "swiss"]
[EventRounds "9"]
[EventCountry "GRE"]
[SourceTitle "EXT 2008"]
[Source "ChessBase"]
[SourceDate "2007.11.25"]
[SourceVersion "1"]
[SourceVersionDate "2007.11.25"]
[SourceQuality "1"]

1. e4 c5 2. Nf3 d6 3. d4 cxd4 4. Nxd4 Nf6 5. Nc3 g6 6. Be3 Bg7 7. f3 0-0 8. Bc4 Nc6 9. Qd2 Bd7 10. 0-0-0 Rc8 11. Bb3 Ne5 12. h4 h5 13. Bg5 Nc4 14. Qf2 b5 15. g4 Rc5 16. gxh5 Nxh5 17. Nd5 Re8 18. Kb1 a5 19. Nf4 Rxg5 20. Nfe6 fxe6 21. hxg5 Qb6 22. Rxh5 gxh5 23. Qh4 Bxd4 24. c3 Bg7 25. Qxh5 Qf2 26. Bc2 Ne3 27. Rc1 Nxc2 28. Rxc2 Qf1+ 29. Rc1 Qd3+ 30. Ka1 b4 31. cxb4 Qd2 0-1

[Event "Nikaia op 14th"]
[Site "Nikaia"]
[Date "2006.08.??"]
[Round "1"]
[White "Iliopoulos, Rigas"]
[Black "Melia, Salome"]
[Result "0-1"]
[WhiteElo "1470"]
[BlackElo "2381"]
[PlyCount "53"]
[EventDate "2006.08.??"]
[EventType "swiss"]
[EventRounds "9"]
[EventCountry "GRE"]
[SourceTitle "EXT 2008"]
[Source "ChessBase"]
[SourceDate "2007.11.25"]
[SourceVersion "1"]
[SourceVersionDate "2007.11.25"]
[SourceQuality "1"]

1. e4 c6 2. Nc3 d5 3. Nf3 Bg4 4. h3 Bh5 5. exd5 cxd5 6. Bb5+ Nc6 7. d4 e6 8. 0-0 Bd6 9. Re1 Nge7 10. g4 Bg6 11. Bd2 a6 12. Bxc6+ bxc6 13. h4 h5 14. g5 Bf5 15. Ne5 f6 16. Nf3 Kf7 17. Kg2 Ng6 18. gxf6 gxf6 19. Ne2 Bg4 20. Rh1 Rg8 21. Ng3 Qb8 22. b3 Ne7 23. c3 Bf5 24. Qe1 Be4 25. Rh3 Nf5 26. Be3 Rg4 27. Rd1 0-1